000 00676nam a22002177a 4500
999 _c11081
_d11081
003 AR-CdUCM
008 190402b ||||| |||| 00| 0 spa d
040 _aMUNICIPALIDAD PROVINCIAL DEL CUSCO
_cBIBLIOTECA MUNICIPAL DEL CUSCO
082 _a346.24 /
_bOS84 / 1944
100 _aOssorio, Ángel
_910915
245 _aMatrimonio, divorcio y concubinato /
260 _aLa Habana :
_bLex,
_c1944.
300 _a350 páginas ;
_c21 cm.
505 _aContenido: Matrimonio -- Divorcio -- Concubinato.
650 _aDerecho familiar
_928220
650 _aMatrimonio
_916386
650 _aDivorcio
_98382
650 _aConcubinato
_928221
942 _2ddc
_cLIBROS
945 _acmm